Exposition des oeuvres de : Joan Junyer Joan Junyer
Descripción Física:
cartolina plegada ; 11 x 14 cm
Materias:
Junyer, Joan, -- 1904-1994 -- Exposicions
; Fons Joan Junyer i Pascual (1909-1994)
; Art -- Exposicions
; Art -- Catàlegs
Idioma:
Catalán
MARC
| LEADER | 00000nam a2200000 a 4500 | ||
|---|---|---|---|
| 001 | 29190 | ||
| 003 | AGDB | ||
| 005 | 20260324181542.0 | ||
| 008 | 251224b spa||||| |||| 00| 0 cat d | ||
| 040 | |a agdb |b cat | ||
| 041 | |a cat | ||
| 245 | |a Exposition des oeuvres de : |b Joan Junyer | ||
| 260 | |a Lille : |b Galerie Monsallut, |c 1934 | ||
| 300 | |a cartolina plegada ; |c 11 x 14 cm | ||
| 500 | |a Prové del fons Joan Junyer i Pascual (1909-1994) | ||
| 500 | |a Targeta d'invitació a l'exposició celebrada a la Galerie Monsallut, Lilla, del 9 al 23 de juny de 1934 | ||
| 600 | 0 | |a Junyer, Joan, |d 1904-1994 |v Exposicions |9 72867 | |
| 650 | |a Fons Joan Junyer i Pascual (1909-1994) |9 72777 | ||
| 650 | 0 | |a Art |x Exposicions |2 Arxiu |9 43798 | |
| 650 | 0 | |a Art |x Catàlegs |9 26592 | |
| 700 | |a Junyer, Joan, |d 1904-1994 |9 53028 | ||
| 700 | |a Cassou, Jean, |d 1897-1986 |9 72916 |e autor del pròleg | ||
| 710 | |a Galerie Monsallut (Lilla, França) |9 72917 |e institució d'acollida | ||
| 942 | |2 udc |c ARXIU |n 1 | ||
| 952 | |0 0 |1 0 |2 udc |4 0 |6 F504282 |7 1 |9 98871 |a Arxiu |b Arxiu |d 2025-12-23 |l 0 |o F-504-282 |p 29190 |r 2025-12-24 10:38:50 |w 2025-12-23 |y ARXIU | ||
| 999 | |c 130539 |d 130539 | ||